[Event "Rochefort op-B 16th"]
[Site "Rochefort"]
[Date "2017.02.18"]
[Round "4"]
[White "Marsaud, William"]
[Black "Ovsepyan, Marat"]
[Result "0-1"]
[WhiteElo "1856"]
[BlackElo "1754"]
[PlyCount "55"]
[EventDate "2017.02.18"]
[EventType "swiss"]
[EventRounds "9"]
[EventCountry "FRA"]
[SourceTitle "CBM 177 Extra"]
[Source "ChessBase"]
[SourceDate "2017.04.27"]
[SourceVersion "1"]
[SourceVersionDate "2017.04.27"]
[SourceQuality "1"]

1. e4 c5 2. Nf3 d6 3. d4 cxd4 4. Nxd4 Nf6 5. Nc3 g6 6. f4 Nc6 7. Be2 Bg7 8. Nxc6 bxc6 9. e5 Ng8 10. Bc4 Nh6 11. 0-0 0-0 12. Qe1 dxe5 13. Be3 exf4 14. Rd1 Qa5 15. Rxf4 Nf5 16. b4 Qc7 17. Bc1 Be5 18. g3 Bxf4 19. Bxf4 Qb6+ 20. Kg2 Qxb4 21. Bb3 Nh4+ 22. Kf2 Qc5+ 23. Qe3 Qxe3+ 24. Bxe3 Nf5 25. Bc5 Be6 26. g4 Bxb3 27. cxb3 Nh6 28. h3 0-1

[Event "Rochefort op-B 16th"]
[Site "Rochefort"]
[Date "2017.02.18"]
[Round "3"]
[White "Ovsepyan, Marat"]
[Black "Neau, Julien"]
[Result "1/2-1/2"]
[WhiteElo "1754"]
[BlackElo "1913"]
[PlyCount "80"]
[EventDate "2017.02.18"]
[EventType "swiss"]
[EventRounds "9"]
[EventCountry "FRA"]
[SourceTitle "CBM 177 Extra"]
[Source "ChessBase"]
[SourceDate "2017.04.27"]
[SourceVersion "1"]
[SourceVersionDate "2017.04.27"]
[SourceQuality "1"]

1. d4 g6 2. Nc3 Nf6 3. Nf3 Bg7 4. Bg5 d6 5. e4 h6 6. Bxf6 Bxf6 7. Qd2 Bg4 8. Be2 Nc6 9. Nd5 Bg7 10. c3 Bxf3 11. Bxf3 e5 12. dxe5 Nxe5 13. Be2 0-0 14. 0-0-0 c6 15. Nb4 Qa5 16. f4 c5 17. Qd5 Nd7 18. Nc2 Nf6 19. Qc4 Rfe8 20. Bd3 a6 21. a4 Rab8 22. e5 d5 23. Qa2 Ng4 24. Qxd5 Nf2 25. Bxg6 Qc7 26. Bxf7+ Qxf7 27. Qxf7+ Kxf7 28. Rd7+ Re7 29. Rxe7+ Kxe7 30. Rf1 Nd3+ 31. Kb1 b5 32. Rf3 c4 33. Nd4 Kd7 34. axb5 axb5 35. Nf5 Bf8 36. Ne3 Bc5 37. Nc2 Ke6 38. b4 cxb3 39. Rxd3 bxc2+ 40. Kxc2 Kf5 1/2-1/2

[Event "Rochefort op-B 16th"]
[Site "Rochefort"]
[Date "2017.02.18"]
[Round "9"]
[White "Ovsepyan, Marat"]
[Black "Pascal, Jonathan"]
[Result "1/2-1/2"]
[WhiteElo "1754"]
[BlackElo "1783"]
[PlyCount "51"]
[EventDate "2017.02.18"]
[EventType "swiss"]
[EventRounds "9"]
[EventCountry "FRA"]
[SourceTitle "CBM 177 Extra"]
[Source "ChessBase"]
[SourceDate "2017.04.27"]
[SourceVersion "1"]
[SourceVersionDate "2017.04.27"]
[SourceQuality "1"]

1. d4 Nf6 2. Nc3 d5 3. Bg5 Bf5 4. f3 c6 5. Qd2 Nbd7 6. g4 Bg6 7. Bf4 e6 8. e3 Bb4 9. Bd3 Bxd3 10. Qxd3 0-0 11. a3 Ba5 12. 0-0-0 b5 13. Bd6 Re8 14. e4 dxe4 15. Nxe4 Nxe4 16. Qxe4 Qg5+ 17. Kb1 Qd5 18. Qxd5 exd5 19. Nh3 Re6 20. Bg3 Rae8 21. Nf4 Re3 22. Rhf1 Bb6 23. Ng2 Re2 24. Nf4 R2e3 25. Ng2 Re2 26. Nf4 1/2-1/2

[Event "UKR-ch U12"]
[Site "Bucha"]
[Date "2016.05.27"]
[Round "11"]
[White "Ovsepyan, Marat"]
[Black "Melkumiants, Alexandr"]
[Result "1/2-1/2"]
[WhiteElo "1832"]
[BlackElo "1822"]
[PlyCount "69"]
[EventDate "2016.05.18"]
[EventType "tourn"]
[EventRounds "11"]
[EventCountry "UKR"]
[SourceTitle "CBM 172 Extra"]
[Source "ChessBase"]
[SourceDate "2016.06.21"]
[SourceVersion "1"]
[SourceVersionDate "2016.06.21"]
[SourceQuality "1"]

1. e4 c5 2. Nc3 d6 3. f4 g6 4. Nf3 Bg7 5. Bc4 Nc6 6. 0-0 e6 7. d3 Nge7 8. Qe1 0-0 9. Bd2 a6 10. a4 Nb4 11. Bb3 Nec6 12. Be3 Na5 13. Qd2 Nxb3 14. cxb3 Nc6 15. d4 b6 16. Rfd1 Bb7 17. d5 Na5 18. Qc2 Qe7 19. Bf2 exd5 20. exd5 Bc8 21. Re1 Qb7 22. Qd1 Bg4 23. Ne4 Qc7 24. Rb1 Rfe8 25. h3 Bf5 26. Nfd2 Rab8 27. Qf3 b5 28. g4 Bxe4 29. Nxe4 bxa4 30. bxa4 Qd7 31. b3 Rb4 32. f5 Qd8 33. f6 Bf8 34. h4 Qb8 35. Nd2 1/2-1/2

[Event "UKR-ch U12"]
[Site "Bucha"]
[Date "2016.05.26"]
[Round "10"]
[White "Larkin, Vladislav"]
[Black "Ovsepyan, Marat"]
[Result "1-0"]
[WhiteElo "1915"]
[BlackElo "1832"]
[PlyCount "85"]
[EventDate "2016.05.18"]
[EventType "tourn"]
[EventRounds "11"]
[EventCountry "UKR"]
[SourceTitle "CBM 172 Extra"]
[Source "ChessBase"]
[SourceDate "2016.06.21"]
[SourceVersion "1"]
[SourceVersionDate "2016.06.21"]
[SourceQuality "1"]

1. d4 Nf6 2. Nf3 g6 3. Bf4 Bg7 4. h3 d6 5. e3 c6 6. c3 0-0 7. Bc4 Nbd7 8. a4 Qc7 9. 0-0 Nb6 10. Bb3 Bf5 11. Nbd2 Ne4 12. a5 Nd5 13. Bh2 Qd7 14. Nxe4 Bxe4 15. Nd2 Nf6 16. Nxe4 Nxe4 17. f3 Ng5 18. e4 Rad8 19. Qd2 Ne6 20. f4 Nc7 21. f5 Kh8 22. Rf2 d5 23. Bxc7 Qxc7 24. e5 f6 25. e6 Qg3 26. Bc2 Rd6 27. Rf3 Qg5 28. Qd3 gxf5 29. Rxf5 Qh4 30. g4 Rxe6 31. Rh5 Qxh5 32. gxh5 Re4 33. Qf3 f5 34. Bxe4 fxe4 35. Qe2 Rf3 36. Rf1 Rxh3 37. Qg4 Rg3+ 38. Qxg3 e5 39. dxe5 e3 40. Rf7 Bh6 41. e6 e2 42. Qb8+ Bf8 43. Qxf8# 1-0

[Event "UKR-ch U12"]
[Site "Bucha"]
[Date "2016.05.22"]
[Round "5"]
[White "Tarasenko, Vladislav"]
[Black "Ovsepyan, Marat"]
[Result "1/2-1/2"]
[WhiteElo "1838"]
[BlackElo "1832"]
[PlyCount "181"]
[EventDate "2016.05.18"]
[EventType "tourn"]
[EventRounds "11"]
[EventCountry "UKR"]
[SourceTitle "CBM 172 Extra"]
[Source "ChessBase"]
[SourceDate "2016.06.21"]
[SourceVersion "1"]
[SourceVersionDate "2016.06.21"]
[SourceQuality "1"]

1. e4 c5 2. Nf3 g6 3. d4 cxd4 4. Nxd4 Bg7 5. Be2 Nc6 6. Nb3 Nf6 7. Nc3 0-0 8. 0-0 d6 9. Re1 a6 10. Bf1 b5 11. a3 Bb7 12. Bg5 Nd7 13. Qd2 Re8 14. Rab1 Rc8 15. Nd5 f6 16. Be3 e6 17. Nf4 Nde5 18. f3 Nc4 19. Bxc4 bxc4 20. Na1 g5 21. Nh5 d5 22. Nxg7 Kxg7 23. exd5 exd5 24. Bd4 Nxd4 25. Qxd4 Qc7 26. c3 Kg6 27. Nc2 Rxe1+ 28. Rxe1 Qc5 29. Qxc5 Rxc5 30. Nd4 Rc7 31. Kf2 h5 32. g3 Bc8 33. Re8 Bh3 34. Rb8 Bc8 35. Nc2 Rc5 36. Ke3 Rc7 37. Nb4 Bb7 38. Rd8 Re7+ 39. Kf2 a5 40. Nxd5 Re5 41. Ne3 Rb5 42. Nxc4 Bd5 43. a4 Rc5 44. Ne3 Bb3 45. Rd4 Rc8 46. Ke2 Rb8 47. Kd3 Ba2 48. b4 axb4 49. cxb4 Bb3 50. b5 Ra8 51. Kc3 Bxa4 52. Kb4 Bxb5 53. Kxb5 Ra3 54. Ng2 Ra2 55. Ne3 Rxh2 56. f4 gxf4 57. gxf4 Re2 58. Nf1 h4 59. Kc4 h3 60. Rd1 h2 61. Nxh2 Rxh2 62. Rf1 Kf5 63. Kd3 Ra2 64. Ke3 Ra4 65. Rh1 Ra3+ 66. Kf2 Kxf4 67. Rh4+ Kg5 68. Rh8 f5 69. Rg8+ Kf4 70. Rf8 Ra2+ 71. Kf1 Kg4 72. Rb8 f4 73. Rb3 f3 74. Rb8 Ra4 75. Rg8+ Kf5 76. Rf8+ Ke4 77. Re8+ Kd3 78. Kf2 Rf4 79. Rd8+ Ke4 80. Re8+ Kf5 81. Rf8+ Kg4 82. Rxf4+ Kxf4 83. Kf1 Kg3 84. Kg1 Kg4 85. Kf2 Kf4 86. Kf1 Ke3 87. Ke1 Kd3 88. Kf1 Ke3 89. Ke1 Kd4 90. Kf2 Kd3 91. Kxf3 1/2-1/2